El almuerzo desnudo / (Registro nro. 11679)

Detalles MARC
000 -LIDER
fixed length control field 01080nam a22003731i 4500
001 - NÚMERO DE CONTROL
Identificador de número de control v00625
003 - IDENTIFICACDOR DE NÚMERO DE CONTROL
control field DO-SdBNP
005 - DATE AND TIME OF LATEST TRANSACTION
control field 20171113111034.0
007 - CAMPOS FIJOS DE DESCRIPCIÓN FÍSICA
fixed length control field v00625
008 - ELEMENTOS DE LONGITUD FIJA
fixed length control field 900725s1980 sp spa
016 7# - NO. DE CONTROL DE LA AGENCIA BIB. NACIONAL
Record control number
Canceled/invalid record control number
Source BPMUS
017 ## - NÚMERO DE REGISTRO DE DERECHOS DE AUTOR
Copyright or legal deposit number
Assigning agency
020 ## - ISBN
International Standard Book Number 8402071724
Terms of availability
035 ## - NÚMERO LOCAL
System control number
040 ## - FUENTE DE CATALOGACIÓN
Agencia que crea de manera original el registro BPMSU
Idioma de catalogación spa
Agencia que realiza la transcripción BPMSU
041 1# - CÓDIGOS DE OBRAS TRADUCIDAS O EN VARIOS IDIOMAS
Código del idioma del texto/archivo de sonido o separata spa
Cód. del idioma original y/o traducciones intermedias del texto
080 #0 - NÚMERO DE CLASIFICACIÓN DECIMAL UNIVERSAL
Universal Decimal Classification number
082 ## - NÚMERO DE CLASIFICACIÓN DECIMAL DE DEWEY
Classification number 813.5
Item number B972a
100 1# - ASIENTO PRINCIPAL -- NOMBRE PERSONAL
Nombre personal Burroughs, William S.
Fechas asociadas con el nombre 1914-1997
Títulos u otras palabras asociadas con el nombre
240 10 - TITULO UNIFORME
Título uniforme Naked lunch
Idioma de una obra Español
245 13 - MENCIÓN DE TITULO
Título El almuerzo desnudo /
Medio (Designación general de material)
Mención de responsabilidad William Burroughs ; traducción del inglés, Martín Lendínez
260 ## - PUBLICACIÓN, DISTRIBUCIÓN, ETC. (PIE DE IMPRENTA)
Lugar de publicación, distribución, etc Barcelona :
Nombre del editor, distribuidor, etc. Editorial Bruguera,
Fecha de publicación, distribución, etc 1980
300 ## - DESCRIPCIÓN FÍSICA
Extensión 280 p.:
Dimensiones 20 cm
490 0# - MENCIÓN DE SERIES
Mención de serie Club Bruguera
Volume/sequential designation 22
500 ## - NOTA GENERAL
Nota general
650 ## - ENCABEZAMIENTO DE MATERIA--TEMÁTICO
Término temático o nombre geográfico como elemento de entrada NOVELA ESTADOUNIDENSE
650 ## - ENCABEZAMIENTO DE MATERIA--TEMÁTICO
Término temático o nombre geográfico como elemento de entrada PROBLEMAS SOCIALES
Subdivisión de forma NOVELA
Subdivisión geográfica ESTADOS UNIDOS
650 ## - ENCABEZAMIENTO DE MATERIA--TEMÁTICO
Término temático o nombre geográfico como elemento de entrada
651 ## - ENCABEZAMIENTO DE MATERIA--NOMBRE GEOGRÁFICO
Nombre geográfico ESTADOS UNIDOS
Subdivisión de forma NOVELA
Subdivisión temática general VIDA SOCIAL Y COSTUMBRE
700 1# - ASIENTO SECUNDARIO -- NOMBRE PERSONAL
Nombre personal Mendínez, Martin
942 ## - ADDED ENTRY ELEMENTS (KOHA)
Source of classification or shelving scheme Dewey Decimal Classification
Koha item type Libros
945 ## - INFORMACIÓN DE PROCESAMIENTO LOCAL
Información de procesamiento local Inventariado extrajenro / 2017 VM
956 ## - LOCAL ELECTRONIC LOCATION AND ACCESS (OCLC)
Nombre de host VMATEO
Número de acceso 10
Información de compresión 20161026
Trayectoria BPMSU
Nombre Electrónico 0069
Existencias
Withdrawn status Lost status Source of classification or shelving scheme Damaged status Not for loan Collection code Home library Current library Date acquired Source of acquisition Total Checkouts Full call number Barcode Date last seen Price effective from Koha item type
    Dewey Decimal Classification     Colección General Biblioteca Pública Metropolitana Salomé Ureña Biblioteca Pública Metropolitana Salomé Ureña 10/26/2016   813.5 B972a BPMSU16100369 10/26/2016 10/26/2016 Libros